000
00307nam a22001337a 4500
008
181226b xxu||||| |||| 00| 0 eng d
020
_a
9780321571304
041
_a
eng
080
_2
12th
_a
510
100
_a
36
101
_a
MAT
245
_a
Calculus & its Applications
_c
Goldstein,L.J
942
_2
udc
_c
BK
999
_c
53791
_d
53791